000 00871nac a22002537a 4500
001 BR9604740
003 BR-BrBNA
005 20240105121730.0
008 230509b bl.|||m| |||| 00| 0 por d
040 _aBR-BrBNA
_bpor
_cBiblioteca Nacional de Agricultura
072 _aH60
090 _a1940 BR9604740
100 1 _aCarneiro, J.O.F.
100 1 _aBorges, E.P.
110 1 _aFundacao MS para Pesquisa e Difusao de Tecnologias Agropecuarias, Maracaju, MS (Brasil)
_94993
245 1 _aAvaliacao de diferentes doses e formas de aplicacao de herbicidas no manejo de milheto (Penissetum americanum)
260 3 _aMaracaju, MS (Brasil):
_c1994.
300 _a3 p.
490 _aResultados de Pesquisa e Experimentacao (Brazil)
_vno. 10
_x
650 _aMilheto
650 _aHerbicida
909 _a202312
_bLúcia Elande
_c55
_dLúcia Elande
942 _2AGRIS
_n0
_cMS
999 _c287104
_d287104